| 000 | 00865nam a2200265Ia 4500 | ||
|---|---|---|---|
| 001 | 21944 | ||
| 005 | 20260320113327.0 | ||
| 008 | 260320s9999||||xx |||||||||||||| ||und|| | ||
| 020 | _a9789972570179 | ||
| 041 | _aESP | ||
| 082 |
_a401 _bG28 |
||
| 100 |
_aGatti Murriel, Carlos, _eAUT |
||
| 245 | 0 |
_aEl lenguaje. Dos aproximaciones _b |
|
| 246 |
_a _5 _b |
||
| 250 | _aPrimera edición corregida | ||
| 260 |
_aLima : _bUniversidad del Pacífico, _c2016 |
||
| 300 |
_a64 páginas : _b _c21 cm. _e |
||
| 440 |
_a(Conferencias _n; número 5) _v |
||
| 650 | _aLEN | ||
| 653 | _aLenguaje; Comunicación; Filosofía del lenguaje | ||
| 654 | _aCHU | ||
| 700 |
_aWiesse Rebagliati, Jorge, _cAUT |
||
| 856 |
_uhttps://0u20fluvl-y-https-research-ebsco-com.itmsp.museknowledge.com/c/qxo6us/search _zVéase además: Base de datos EBSCOhost |
||
| 942 |
_cLIB _dJUS _fMAT _2ddc _n |
||
| 999 |
_c21944 _d21944 |
||